HYDRAULICKY A HOSPODÁRSKY VÝHODNÉ RIEŠENIE VLAKOVEJ PLAVEBNEJ KOMORY

Bibliographic Details
Main Author: Mäsiar, Ernest, 1925-1992 (Author)
Format: Article
Language:Slovak

MARC

LEADER 00000nab a2200000 a 4500
001 vtls010722966
003 SK-MaSNL
005 20260304185351.0
008 250709s1955 xo |||||||||||||||||slo|
035 |a (urnnbn)urn:nbn:sk:snk:ar-a04tev 
035 |a (uuid)44bfddef-57ae-46b8-aa4d-a65d4f720849 
035 |a urn:nbn:sk:snk-ab3ngh 
040 |a SNKBUCL  |b slo  |c SNKBUCL  |e AACR2 
041 0 |a slo 
044 |a xo  |c SK 
100 1 |a Mäsiar, Ernest,  |d 1925-1992  |4 aut  |9 212074 
245 1 0 |a HYDRAULICKY A HOSPODÁRSKY VÝHODNÉ RIEŠENIE VLAKOVEJ PLAVEBNEJ KOMORY  |c Ernest Mäsiar 
773 0 |t Vodohospodársky časopis : časopis pre hydrológiu a hydromechaniku  |g Roč. 3, č. 1-2 (1955), s. 104-117 
850 |a Slovenská národná knižnica 
852 |a Slovenská národná knižnica 
954 |a odborná, vedecká literatúra pôvodná (slovenská)  |2 lita 
958 |a article1 
958 |a OND 
958 |a EUIPO 
999 |c 3042913  |d 3044843